Score 0/18 Timer 02:00
1 Play Today
Soda brand Missing word % Correct
____ PepperDr
99.3%
Coca-____Cola
98.3%
____ DewMountain
97.6%
____ BullRed
96.8%
7-____Up
94.6%
Mello ____Yello
85.5%
Canada ____Dry
84%
____ ThrottleFull
80.8%
____ PibbMr.
75.1%
Soda brand Missing word % Correct
____ MistSierra/Moon
72.8%
Mug ____ BeerRoot
72.4%
Sun ____Drop
63.2%
____ PellegrinoSan
57.8%
____ CroixLa
43.3%
Kickapoo Joy ____Juice
41.1%
____ RedBig/Cherikee
27%
AMP ____Energy
14.5%
Cactus ____Cooler
7.7%

Today's Daily Dose

Remove Ads.
Support Sporcle.
Get the best of Sporcle when you Go Orange. This ad-free experience offers more features, more stats, and more fun while also helping to support Sporcle. Thank you for becoming a member.

You're not logged in!

Compare scores with friends on all Sporcle quizzes.
OR
Log In

Show Comments

Extras

Top Quizzes Today


Score Distribution

Your Account Isn't Verified!

In order to create a playlist on Sporcle, you need to verify the email address you used during registration. Go to your Sporcle Settings to finish the process.

Report this User

Report this user for behavior that violates our Community Guidelines.

Details: